00675nam a2200241 a 4500001001300000003000900013005001700022008004100039020001000080082001600090100002100106245002000127260003100147300000900178500003500187505002700222650001900249700002100268902000800289942000700297952011600304999001300420nice12345678IN_TiNIC20260116011311.0050524s1917 viza grp 000 0 ara  ac10000a892.73bHAL aAl-Halal Press,  aSoqutul Asthana aVizagbNo Publisher c1917 a266p aincludes index and biblioraphy2 a3 vols. bound together aArabic-Fiction1 aAl-Halal Press,  bSRS cBK 001040708StackRoom-aHMIbHMId2008-09-17g100.00l0o892.73 HALp04727r2008-09-17v100.00w2005-05-24yBK c302d302